000 nam a22 7a 4500
999 _c8232
_d8232
008 171212b xxu||||| |||| 00| 0 eng d
100 _94657
_aSHAKESPEAR.W
245 _aHAMLET
260 _aNEW DELHI
_bHAR ANAND
_c2017